[Event "CAN-ch U20 2003"]
[Site "Shawinigan CAN"]
[Date "2003.01.05"]
[Round "4.6"]
[White "Ramaswamy, Kishor"]
[Black "Khaziyeva, Dinara"]
[Result "1/2-1/2"]
[WhiteElo "1947"]
[BlackElo "2043"]
[PlyCount "72"]
[EventDate "2003.01.03"]
[EventType "swiss"]
[EventRounds "7"]
[EventCountry "CAN"]

1. d4 f5 2. Nc3 Nf6 3. Bg5 e6 4. e4 fxe4 5. Nxe4 Be7 6. Bxf6 Bxf6 7. Nxf6+ Qxf6
8. c3 b6 9. Qf3 Qxf3 10. Nxf3 Bb7 11. Nd2 O-O 12. f3 Nc6 13. O-O-O d5 14. Bb5
e5 15. Nb3 exd4 16. Nxd4 Nxd4 17. Rxd4 c6 18. Ba4 Rae8 19. Rdd1 Re2 20. Rd2
Rfe8 21. Rhd1 R8e7 22. Rxe2 Rxe2 23. Rd2 Rxd2 24. Kxd2 c5 25. Bc2 Kf7 26. Ke3
h6 27. Bd3 Kf6 28. b4 g5 29. bxc5 bxc5 30. g3 Bc8 31. f4 g4 32. Bb5 Bf5 33. Bc6
Ke6 34. Bb7 Kd6 35. Ba6 Ke7 36. Bb7 Kd6 1/2-1/2

[Event "CAN-ch U20 2003"]
[Site "Shawinigan CAN"]
[Date "2003.01.05"]
[Round "4.7"]
[White "McDonald, Justin"]
[Black "Wong, Wylon"]
[Result "0-1"]
[WhiteElo "1826"]
[BlackElo "1869"]
[PlyCount "108"]
[EventDate "2003.01.03"]
[EventType "swiss"]
[EventRounds "7"]
[EventCountry "CAN"]

1. e4 d6 2. d4 Nf6 3. Nc3 c6 4. Bf4 g6 5. Nf3 Bg7 6. Bc4 d5 7. exd5 Nxd5 8.
Bxd5 cxd5 9. Nb5 Qa5+ 10. Nc3 O-O 11. O-O Nc6 12. Be5 Bg4 13. Bxg7 Kxg7 14. Qd3
Bxf3 15. Qxf3 Nxd4 16. Qxd5 Qxd5 17. Nxd5 Nxc2 18. Rad1 e6 19. Rd2 Rfd8 20.
Rxc2 Rxd5 21. Rc7 b6 22. Rfc1 Rad8 23. Kf1 R8d7 24. Ke2 Kf6 25. Rxd7 Rxd7 26.
f3 Kg5 27. g3 h5 28. Rc4 e5 29. Re4 Kf5 30. h3 Rd4 31. Rxd4 exd4 32. Kd3 Ke5
33. f4+ Kd5 34. b3 a5 35. a3 f6 36. g4 hxg4 37. hxg4 g5 38. fxg5 fxg5 39. a4
Ke5 40. Kc4 Ke4 41. Kb5 d3 42. Kxb6 d2 43. Kxa5 d1=Q 44. b4 Qxg4 45. b5 Qc8 46.
Kb6 g4 47. a5 g3 48. Ka7 g2 49. b6 g1=Q 50. a6 Qxb6+ 51. Kxb6 Qa8 52. a7 Kd5
53. Ka6 Kc5 54. Ka5 Qxa7# 0-1

[Event "CAN-ch U20 2003"]
[Site "Shawinigan CAN"]
[Date "2003.01.05"]
[Round "4.8"]
[White "Palmer, Jordan"]
[Black "Livingston, Alex"]
[Result "1-0"]
[WhiteElo "1881"]
[BlackElo "1552"]
[PlyCount "96"]
[EventDate "2003.01.03"]
[EventType "swiss"]
[EventRounds "7"]
[EventCountry "CAN"]

1. e4 e6 2. d4 d5 3. exd5 exd5 4. Bd3 Nf6 5. Ne2 b6 6. O-O Bd6 7. Bf4 O-O 8.
Nd2 c5 9. c3 Bxf4 10. Nxf4 Nc6 11. dxc5 bxc5 12. Qc2 g6 13. Rfe1 c4 14. Be2 Bf5
15. Qa4 Qb6 16. Bf3 Bd7 17. Nxd5 Nxd5 18. Bxd5 Qxb2 19. Nxc4 Qxc3 20. Bxc6 Bxc6
21. Qxc6 Rac8 22. Rac1 Qxe1+ 23. Rxe1 Rxc6 24. Ne3 Ra6 25. Re2 Rb8 26. g3 Rb1+
27. Kg2 Ra1 28. Nd5 R6xa2 29. Re3 Kg7 30. Rf3 Rd2 31. Nf6 Rd8 32. Ng4 a5 33.
Ne5 f5 34. g4 Re8 35. Nc4 fxg4 36. Rf4 Ree1 37. Kg3 Rg1+ 38. Kh4 h6 39. Rd4 g5+
40. Kh5 Rg2 41. Rd7+ Kf6 42. Rd6+ Ke7 43. Kxh6 Rxh2+ 44. Kxg5 Rxf2 45. Kxg4 Ra4
46. Rd4 Rc2 47. Re4+ Kd8 48. Rd4+ Kc7 1-0

[Event "CAN-ch U20 2003"]
[Site "Shawinigan CAN"]
[Date "2003.01.05"]
[Round "4.9"]
[White "Lu, David"]
[Black "Godbout, Mathieu"]
[Result "0-1"]
[WhiteElo "1464"]
[BlackElo "1745"]
[PlyCount "80"]
[EventDate "2003.01.03"]
[EventType "swiss"]
[EventRounds "7"]
[EventCountry "CAN"]

1. e4 c5 2. Nf3 d6 3. d4 cxd4 4. Nxd4 Nf6 5. Nc3 a6 6. Bc4 b5 7. Bb3 e6 8. a3
Bb7 9. Bg5 Be7 10. Qd3 Nbd7 11. Bxf6 Bxf6 12. O-O Nc5 13. Qe3 Nxb3 14. cxb3 O-O
15. Rad1 Qb6 16. Nf5 Qxe3 17. Nxe3 Rfd8 18. Rd3 Bxc3 19. bxc3 Bxe4 20. Rd4 Bb7
21. Rfd1 d5 22. c4 bxc4 23. bxc4 e5 24. R4d3 d4 25. Ng4 f6 26. f4 h5 27. Nf2
Re8 28. Rb3 Re7 29. Re1 Rc8 30. Nd3 e4 31. Nb2 f5 32. Rg3 Kf7 33. Rb3 Rcc7 34.
Kf2 Bc8 35. Ke2 Rb7 36. Rxb7 Rxb7 37. Nd1 Rb3 38. Kf1 Be6 39. c5 Ke7 40. Re2
Bc4 0-1

[Event "CAN-ch U20 2003"]
[Site "Shawinigan CAN"]
[Date "2003.01.05"]
[Round "4.10"]
[White "Simard, Remi"]
[Black "Labrecque, Jason"]
[Result "0-1"]
[WhiteElo "1166"]
[BlackElo "1515"]
[PlyCount "90"]
[EventDate "2003.01.03"]
[EventType "swiss"]
[EventRounds "7"]
[EventCountry "CAN"]

1. e4 c5 2. Nc3 d6 3. d3 Nf6 4. f4 e6 5. Nf3 Nbd7 6. Be2 a6 7. O-O b5 8. e5 Nd5
9. Nxd5 exd5 10. e6 fxe6 11. Ng5 Nf6 12. Bg4 Nxg4 13. Qxg4 h5 14. Qg3 Qf6 15.
Bd2 Bd7 16. Bc3 d4 17. Ba5 Rc8 18. Rae1 Be7 19. Re2 O-O 20. Qh3 g6 21. Nxe6 d5
22. Rfe1 Bd6 23. Qf3 Bxe6 24. Rxe6 Qxf4 25. Rxg6+ Kf7 26. Qxf4+ Bxf4 27. Rxa6
Be3+ 28. Kh1 Ke7 29. Rb6 Rf2 30. Rxb5 Rcf8 31. g3 Rxc2 32. Rb7+ Kd6 33. Rb6+
Ke5 34. Rh6 Rff2 35. Bc7+ Kf5 36. g4+ hxg4 37. Rh8 Rxb2 38. Rf8+ Ke6 39. Rxf2
Rxf2 40. Ra1 c4 41. dxc4 dxc4 42. Bb6 c3 43. Re1 Kd5 44. Rxe3 dxe3 45. Bxe3
Rxa2 0-1

[Event "CAN-ch U20 2003"]
[Site "Shawinigan CAN"]
[Date "2003.01.05"]
[Round "5.1"]
[White "Tang, Charlie"]
[Black "Masse, Hugues"]
[Result "1/2-1/2"]
[WhiteElo "2274"]
[BlackElo "2163"]
[PlyCount "77"]
[EventDate "2003.01.03"]
[EventType "swiss"]
[EventRounds "7"]
[EventCountry "CAN"]

1. d4 d5 2. c4 e6 3. Nf3 Nf6 4. Bg5 Nbd7 5. e3 c6 6. Nc3 Qa5 7. Bxf6 Nxf6 8.
Qc2 Bb4 9. Bd3 dxc4 10. Bxc4 c5 11. O-O Bxc3 12. bxc3 O-O 13. Ne5 Qc7 14. Rfc1
b6 15. f3 Bb7 16. e4 Rfd8 17. Qf2 Rac8 18. Rd1 Nd7 19. Nxd7 Qxd7 20. Bb3 cxd4
21. cxd4 Rc7 22. Rd2 Rdc8 23. Rad1 Rc1 24. Qe1 Rxd1 25. Qxd1 Qc7 26. Rc2 Qd6
27. Rd2 Qc7 28. Qe2 Qf4 29. g3 Qd6 30. Kg2 Qb4 31. d5 exd5 32. exd5 Ba6 33. Qe3
Qd6 34. Rd4 Bb5 35. Re4 h6 36. f4 Bd7 37. Kf2 Kf8 38. Qd4 Re8 39. Rxe8+ 1/2-1/2

[Event "CAN-ch U20 2003"]
[Site "Shawinigan CAN"]
[Date "2003.01.15"]
[Round "5.2"]
[White "Wang, Hao Yuan"]
[Black "Charbonneau, Anne-Marie"]
[Result "1-0"]
[WhiteElo "2275"]
[BlackElo "1900"]
[PlyCount "111"]
[EventDate "2003.01.03"]
[EventType "swiss"]
[EventRounds "7"]
[EventCountry "CAN"]

1. e4 c5 2. Nf3 e6 3. d4 cxd4 4. Nxd4 Nf6 5. Bd3 d6 6. O-O Nc6 7. Nxc6 bxc6 8.
Qe2 e5 9. f4 Be7 10. b3 Qc7 11. Bb2 O-O 12. h3 exf4 13. Rxf4 Nd7 14. Nd2 Ne5
15. Rff1 Bh4 16. Nf3 Bg3 17. Qe3 Nxf3+ 18. Rxf3 Be5 19. Bxe5 dxe5 20. Bc4 Qe7
21. Rd1 Be6 22. Bxe6 fxe6 23. Rxf8+ Rxf8 24. Qc3 Qc7 25. Qc5 Qf7 26. Qxe5 Qf2+
27. Kh2 Qf4+ 28. Qxf4 Rxf4 29. Rd8+ Rf8 30. Rxf8+ Kxf8 31. e5 Ke7 32. Kg3 Kd7
33. Kf4 c5 34. Ke4 Kc6 35. c3 a5 36. h4 g6 37. a4 h6 38. g4 g5 39. h5 Kb6 40.
Kd3 Kc6 41. Kc4 Kb6 42. b4 cxb4 43. cxb4 axb4 44. Kxb4 Kc6 45. a5 Kd5 46. a6
Kxe5 47. a7 Kf4 48. a8=Q Kxg4 49. Qe8 e5 50. Qg6 e4 51. Qxh6 e3 52. Kc3 Kh4 53.
Kd3 g4 54. Kxe3 g3 55. Qg6 g2 56. Qxg2 1-0

[Event "CAN-ch U20 2003"]
[Site "Shawinigan CAN"]
[Date "2003.01.05"]
[Round "5.4"]
[White "Predescu, Sebastian"]
[Black "Bachand-Fleurent, Julien"]
[Result "1-0"]
[WhiteElo "2219"]
[BlackElo "2065"]
[PlyCount "75"]
[EventDate "2003.01.03"]
[EventType "swiss"]
[EventRounds "7"]
[EventCountry "CAN"]

1. e4 e6 2. d4 d5 3. e5 c5 4. c3 Nc6 5. Nf3 Bd7 6. Be2 f6 7. O-O fxe5 8. Nxe5
Nxe5 9. dxe5 Qc7 10. c4 Qxe5 11. Bh5+ g6 12. Bf3 O-O-O 13. Re1 Qc7 14. cxd5
exd5 15. Bg5 Bc6 16. Bxd8 Qxd8 17. Nc3 Nf6 18. Qc2 Qc7 19. Re6 Bg7 20. Rae1 Rd8
21. Re7 Rd7 22. Rxd7 Qxd7 23. h3 b6 24. Rd1 Kb8 25. Qd3 d4 26. Ne4 Nd5 27. Bg4
Qe7 28. Bf3 Nb4 29. Qb1 c4 30. a3 Nd5 31. Re1 Qd7 32. Qc1 b5 33. Nc5 Qd6 34.
Bxd5 Qxd5 35. Qf4+ Ka8 36. Qg4 a6 37. Re7 Bb7 38. Nxb7 1-0

[Event "CAN-ch U20 2003"]
[Site "Shawinigan CAN"]
[Date "2003.01.05"]
[Round "5.5"]
[White "Khaziyeva, Dinara"]
[Black "Dumesnil, Etienne"]
[Result "1/2-1/2"]
[WhiteElo "2043"]
[BlackElo "1909"]
[PlyCount "52"]
[EventDate "2003.01.03"]
[EventType "swiss"]
[EventRounds "7"]
[EventCountry "CAN"]

1. c4 f6 2. d4 Kf7 3. Nf3 e6 4. e4 Bb4+ 5. Nc3 Ne7 6. e5 d5 7. exf6 gxf6 8. a3
Bxc3+ 9. bxc3 c5 10. cxd5 Qxd5 11. Bd3 cxd4 12. cxd4 Nbc6 13. O-O h5 14. Rb1 a6
15. Re1 h4 16. h3 b5 17. Bc2 Qh5 18. Re4 Nf5 19. d5 Na5 20. Qe1 Rg8 21. Kh1 Nc4
22. dxe6+ Ke7 23. Qb4+ Ncd6 24. Bf4 Bb7 25. Bxd6+ Nxd6 26. Rxh4 Qxf3 1/2-1/2

[Event "CAN-ch U20 2003"]
[Site "Shawinigan CAN"]
[Date "2003.01.05"]
[Round "5.6"]
[White "McAlpin, John-Francis"]
[Black "Godbout, Mathieu"]
[Result "1-0"]
[WhiteElo "2000"]
[BlackElo "1745"]
[PlyCount "49"]
[EventDate "2003.01.03"]
[EventType "swiss"]
[EventRounds "7"]
[EventCountry "CAN"]

1. d4 d5 2. c4 Nc6 3. Nf3 Bg4 4. Bf4 Nf6 5. Nc3 e6 6. e3 Bd6 7. Bxd6 Qxd6 8. c5
Qe7 9. Bb5 O-O 10. Qa4 Nd8 11. Ne5 c6 12. Nxg4 Nxg4 13. Be2 Nf6 14. f4 Ne4 15.
Nxe4 dxe4 16. O-O f5 17. b4 a6 18. Qb3 Nf7 19. Bc4 Rfe8 20. a4 Nh6 21. b5 axb5
22. axb5 Rxa1 23. Rxa1 Kf7 24. bxc6 bxc6 25. Qb6 1-0

[Event "CAN-ch U20 2003"]
[Site "Shawinigan CAN"]
[Date "2003.01.05"]
[Round "5.7"]
[White "Wong, Wylon"]
[Black "Ramaswamy, Kishor"]
[Result "0-1"]
[WhiteElo "1864"]
[BlackElo "1947"]
[PlyCount "22"]
[EventDate "2003.01.03"]
[EventType "swiss"]
[EventRounds "7"]
[EventCountry "CAN"]

1. d4 d5 2. c4 e6 3. Nc3 Nf6 4. g3 c6 5. c5 Be7 6. Bg2 O-O 7. Nf3 b6 8. b4 a5
9. Na4 Nbd7 10. bxa5 bxc5 11. dxc5 Qxa5+ 0-1

[Event "CAN-ch U20 2003"]
[Site "Shawinigan CAN"]
[Date "2003.01.05"]
[Round "5.8"]
[White "Livingston, Alex"]
[Black "McDonald, Justin"]
[Result "1-0"]
[WhiteElo "1552"]
[BlackElo "1826"]
[PlyCount "79"]
[EventDate "2003.01.03"]
[EventType "swiss"]
[EventRounds "7"]
[EventCountry "CAN"]

1. e4 e5 2. Nf3 Nc6 3. d4 exd4 4. Nxd4 Nf6 5. Nxc6 bxc6 6. Nd2 Bc5 7. Bd3 d6 8.
h3 O-O 9. O-O Re8 10. Kh1 Be6 11. f4 Bb6 12. Nf3 Bd7 13. e5 Nd5 14. Bxh7+ Kxh7
15. Ng5+ Kg8 16. Qh5 Ne7 17. Qxf7+ Kh8 18. e6 Bc8 19. Qh5+ Kg8 20. Qh7+ Kf8 21.
Qh8+ Ng8 22. Nh7+ Ke7 23. Qxg7+ Kxe6 24. f5+ Kd5 25. c4+ Kc5 26. b4+ Kxc4 27.
a4 Qe7 28. Qg4+ Bd4 29. Bb2 c5 30. Bxd4 cxd4 31. Qd1 Bb7 32. Rc1+ Kd5 33. Qb3+
Ke5 34. Qg3+ Kd5 35. Rfe1 Qxe1+ 36. Rxe1 Rxe1+ 37. Qxe1 d3 38. f6 Nh6 39. Ng5
Rg8 40. Qe4# 1-0

[Event "CAN-ch U20 2003"]
[Site "Shawinigan CAN"]
[Date "2003.01.05"]
[Round "5.9"]
[White "Labrecque, Jason"]
[Black "Lu, David"]
[Result "1-0"]
[WhiteElo "1515"]
[BlackElo "1464"]
[PlyCount "89"]
[EventDate "2003.01.03"]
[EventType "swiss"]
[EventRounds "7"]
[EventCountry "CAN"]

1. e4 e5 2. f4 exf4 3. Nf3 d5 4. exd5 Bd6 5. d4 Nf6 6. Bc4 Qe7+ 7. Qe2 Qxe2+ 8.
Kxe2 Bf5 9. Kd1 O-O 10. h3 Nbd7 11. Nc3 Nb6 12. Bb3 a5 13. a4 Ne4 14. Nxe4 Bxe4
15. c4 c5 16. dxc6 Bxc6 17. c5 Nxa4 18. Bxa4 Bxa4+ 19. Rxa4 Bc7 20. Re1 Rfd8
21. Re4 Re8 22. Rxe8+ Rxe8 23. d5 Rd8 24. d6 b6 25. Rd4 Bb8 26. cxb6 Rxd6 27.
Rxd6 Bxd6 28. Bd2 a4 29. Ba5 Kf8 30. Kc2 Ke7 31. Kc3 h6 32. Bb4 Kd7 33. Bxd6
Kxd6 34. Kb4 Kc6 35. Ka5 Kb7 36. Ne5 f5 37. Ng6 h5 38. h4 Kb8 39. Kxa4 Kb7 40.
Kb5 Kb8 41. Nxf4 Kb7 42. Nxh5 g6 43. Nf4 Kb8 44. Nxg6 Kb7 45. h5 1-0

[Event "CAN-ch U20 2003"]
[Site "Shawinigan CAN"]
[Date "2003.01.05"]
[Round "5.10"]
[White "Federico, Anthony"]
[Black "Palmer, Jordan"]
[Result "0-1"]
[WhiteElo "1029"]
[BlackElo "1881"]
[PlyCount "55"]
[EventDate "2003.01.03"]
[EventType "swiss"]
[EventRounds "7"]
[EventCountry "CAN"]

1. c4 Nf6 2. Nc3 e6 3. g3 Nc6 4. Bg2 Bc5 5. e3 d5 6. cxd5 exd5 7. d4 Bb4 8. Bd2
O-O 9. Nge2 Bg4 10. O-O Re8 11. a3 Bxc3 12. Bxc3 Qd7 13. f3 Bh5 14. Qd3 Bg6 15.
Qd2 Re7 16. Nf4 Rae8 17. Rae1 Bf5 18. g4 Bg6 19. Bh3 Qd6 20. Rf2 a5 21. Nxg6
hxg6 22. g5 Nh5 23. Qd3 Nf4 24. exf4 Rxe1+ 25. Bxe1 Rxe1+ 26. Bf1 Qxf4 27. Rg2
Nxd4 28. Rg3 0-1

[Event "CAN-ch U20 2003"]
[Site "Shawinigan CAN"]
[Date "2003.01.06"]
[Round "6.1"]
[White "Wang, Hao Yuan"]
[Black "Tang, Charlie"]
[Result "1-0"]
[WhiteElo "2275"]
[BlackElo "2274"]
[PlyCount "99"]
[EventDate "2003.01.03"]
[EventType "swiss"]
[EventRounds "7"]
[EventCountry "CAN"]

1. e4 c5 2. Nf3 d6 3. d4 cxd4 4. Nxd4 Nf6 5. Nc3 g6 6. Be3 Bg7 7. f3 Nc6 8. Qd2
O-O 9. O-O-O Nxd4 10. Bxd4 Be6 11. Kb1 Qc7 12. h4 Rfc8 13. h5 Qa5 14. h6 Bh8
15. a3 Rab8 16. Bxf6 exf6 17. Nd5 Qd8 18. g4 b5 19. Be2 a5 20. f4 f5 21. gxf5
Bxd5 22. Qxd5 Qf6 23. e5 dxe5 24. fxg6 hxg6 25. fxe5 Qe7 26. Rhg1 Kh7 27. Rdf1
Rc7 28. e6 Qxe6 29. Qxe6 fxe6 30. Bd3 Rg8 31. Rxg6 Rxg6 32. Rg1 Kxh6 33. Rxg6+
Kh5 34. Rxe6 b4 35. axb4 axb4 36. Rb6 b3 37. Rxb3 Kg5 38. Rb4 Kf6 39. Rb5 Ke6
40. Ka2 Kd6 41. c4 Ra7+ 42. Kb3 Kc7 43. c5 Kc6 44. Kc4 Be5 45. b4 Bc7 46. Be4+
Kd7 47. Kd5 Ra1 48. Bf5+ Kd8 49. Kc6 Rf1 50. Rb7 1-0

[Event "CAN-ch U20 2003"]
[Site "Shawinigan CAN"]
[Date "2003.01.06"]
[Round "6.2"]
[White "Masse, Hugues"]
[Black "Divljan, Igor"]
[Result "0-1"]
[WhiteElo "2171"]
[BlackElo "2286"]
[PlyCount "92"]
[EventDate "2003.01.03"]
[EventType "swiss"]
[EventRounds "7"]
[EventCountry "CAN"]

1. d4 Nf6 2. c4 e6 3. Nc3 Bb4 4. e3 O-O 5. Nge2 c5 6. a3 cxd4 7. exd4 Bxc3+ 8.
Nxc3 d5 9. cxd5 Nxd5 10. Bc4 Nxc3 11. bxc3 Qc7 12. Qd3 Nd7 13. Bb3 b6 14. O-O
Bb7 15. Bg5 Rac8 16. Rac1 Qd6 17. Qg3 Qxg3 18. hxg3 h6 19. Be3 Nf6 20. c4 Rfd8
21. f3 Rd7 22. Rfd1 g5 23. Kf2 Rdc7 24. Rc2 Nd5 25. Rdc1 Ne7 26. a4 Nc6 27. c5
Nb4 28. Rc3 Ba6 29. Bc4 Bxc4 30. Rxc4 Nd3+ 31. Ke2 Nxc1+ 32. Rxc1 bxc5 33. dxc5
Rb8 34. Kd3 Rb3+ 35. Ke2 Rb2+ 36. Kd3 Rc6 37. Kc4 Kf8 38. Bd4 Rb7 39. Be5 Ke7
40. Rh1 Kd7 41. Rxh6 Ra6 42. Kd3 Rxa4 43. Ke3 Kc6 44. Bd6 Rb3+ 45. Kf2 Ra2+ 46.
Kg1 Rb1+ 0-1

[Event "CAN-ch U20 2003"]
[Site "Shawinigan CAN"]
[Date "2003.01.06"]
[Round "6.3"]
[White "Ramaswamy, Kishor"]
[Black "Predescu, Sebastian"]
[Result "1/2-1/2"]
[WhiteElo "1947"]
[BlackElo "2219"]
[PlyCount "88"]
[EventDate "2003.01.03"]
[EventType "swiss"]
[EventRounds "7"]
[EventCountry "CAN"]

1. d4 Nf6 2. c4 g6 3. Nc3 Bg7 4. e4 d6 5. Be2 O-O 6. Bg5 h6 7. Be3 e5 8. d5
Nbd7 9. Qd2 Nc5 10. f3 Nh5 11. Bd1 f5 12. Bc2 f4 13. Bf2 Bf6 14. O-O-O b6 15.
Kb1 Kg7 16. Nge2 Bh4 17. Bxh4 Qxh4 18. b4 Nd7 19. Nc1 Qe7 20. Nd3 g5 21. Ba4
Ndf6 22. Bc6 Rb8 23. Nb5 a6 24. Na7 g4 25. Nxc8 Rfxc8 26. Ka1 gxf3 27. gxf3 Kh8
28. Qf2 Nh7 29. c5 bxc5 30. bxc5 Nf8 31. Rhg1 Qf7 32. Rg2 Nh7 33. Nb2 Rg8 34.
Rxg8+ Rxg8 35. Nc4 Qg6 36. Bd7 Ng5 37. Rb1 Nxe4 38. fxe4 Qxe4 39. Be6 Qxc4 40.
Bxg8 Kxg8 41. Qg2+ Kf7 42. Rg1 Qc3+ 43. Kb1 Qb4+ 44. Ka1 Qc3+ 1/2-1/2

[Event "CAN-ch U20 2003"]
[Site "Shawinigan CAN"]
[Date "2003.01.06"]
[Round "6.5"]
[White "McAlpin, John-Francis"]
[Black "Livingston, Alex"]
[Result "0-1"]
[WhiteElo "2000"]
[BlackElo "1552"]
[PlyCount "50"]
[EventDate "2003.01.03"]
[EventType "swiss"]
[EventRounds "7"]
[EventCountry "CAN"]

1. d4 d5 2. c4 e6 3. Nc3 f5 4. Nf3 Nf6 5. e3 Be7 6. Bd3 O-O 7. O-O c6 8. Rb1
Ne4 9. Qc2 Nd7 10. b4 Qe8 11. cxd5 exd5 12. b5 Ndf6 13. Ne5 Bd6 14. bxc6 bxc6
15. Na4 Bd7 16. Nxd7 Bxh2+ 17. Kxh2 Ng4+ 18. Kg1 Qh5 19. Re1 Qh2+ 20. Kf1 Qh1+
21. Ke2 Qxg2 22. Bxe4 fxe4 23. Nxf8 Rxf8 24. Rf1 Nxf2 25. Kd2 Nd1+ 0-1

[Event "CAN-ch U20 2003"]
[Site "Shawinigan CAN"]
[Date "2003.01.06"]
[Round "6.6"]
[White "Bachand-Fleurent, Julien"]
[Black "Dumesnil, Etienne"]
[Result "1-0"]
[WhiteElo "2065"]
[BlackElo "1909"]
[PlyCount "77"]
[EventDate "2003.01.03"]
[EventType "swiss"]
[EventRounds "7"]
[EventCountry "CAN"]

1. e4 g6 2. Nc3 f6 3. d3 e5 4. g3 c6 5. Bg2 Na6 6. f4 Bg7 7. Nf3 d6 8. Qe2 Be6
9. O-O Qd7 10. d4 exf4 11. Bxf4 Bg4 12. Rad1 g5 13. Be3 Nc7 14. e5 O-O-O 15.
Ne4 d5 16. Nc5 Qe8 17. h3 Bf5 18. g4 Bg6 19. Rfe1 h6 20. Qd2 Qe7 21. Bf2 b6 22.
Nd3 f5 23. e6 Nxe6 24. Nfe5 Qe8 25. Qc3 Ne7 26. Nb4 Kb7 27. Nxg6 Qxg6 28. Re2
Rd6 29. Rde1 f4 30. Qa3 Rhd8 31. Qd3 Qf7 32. c4 dxc4 33. Qxc4 Nd5 34. Nxc6 f3
35. Rxe6 Rxc6 36. Qxc6+ Kb8 37. Re7 Nxe7 38. Bg3+ Qf4 39. Bxf4+ 1-0

[Event "CAN-ch U20 2003"]
[Site "Shawinigan CAN"]
[Date "2003.01.06"]
[Round "6.7"]
[White "Labrecque, Jason"]
[Black "Khaziyeva, Dinara"]
[Result "1/2-1/2"]
[WhiteElo "1515"]
[BlackElo "2043"]
[PlyCount "78"]
[EventDate "2003.01.03"]
[EventType "swiss"]
[EventRounds "7"]
[EventCountry "CAN"]

1. e4 d6 2. d4 e5 3. dxe5 dxe5 4. Qxd8+ Kxd8 5. Bc4 f6 6. Ne2 Bc5 7. a3 a5 8.
Nbc3 c6 9. Nd1 b5 10. Bxg8 Rxg8 11. Be3 Nd7 12. Bxc5 Nxc5 13. f3 Be6 14. Ne3 g6
15. g4 Kc7 16. Kf2 Rad8 17. Rhd1 Kb6 18. Rxd8 Rxd8 19. Rd1 Rxd1 20. Nxd1 Bc4
21. Ne3 Bxe2 22. Kxe2 a4 23. Kd2 Ne6 24. c3 Kc5 25. h4 Nf4 26. Kc2 Nh3 27. Nf1
Ng1 28. Nd2 h5 29. gxh5 gxh5 30. Kd3 Kd6 31. Ke3 Nh3 32. Nf1 Nf4 33. Ng3 Kc5
34. Kd2 Kc4 35. Kc2 Ng2 36. Nxh5 Ne1+ 37. Kc1 Nxf3 38. Nxf6 Nxh4 39. Nd7 Nf3
1/2-1/2

[Event "CAN-ch U20 2003"]
[Site "Shawinigan CAN"]
[Date "2003.01.06"]
[Round "6.8"]
[White "Palmer, Jordan"]
[Black "Wong, Wylon"]
[Result "1-0"]
[WhiteElo "1881"]
[BlackElo "1869"]
[PlyCount "119"]
[EventDate "2003.01.03"]
[EventType "swiss"]
[EventRounds "7"]
[EventCountry "CAN"]

1. e4 d6 2. d4 Nf6 3. Nc3 c6 4. Bd3 e5 5. dxe5 dxe5 6. Nf3 Bg4 7. h3 Bxf3 8.
Qxf3 Nbd7 9. O-O Bc5 10. Bg5 Qc7 11. Rad1 O-O 12. Ne2 Be7 13. Ng3 Nc5 14. Be2
Ne6 15. Be3 Bc5 16. Nf5 Bxe3 17. Qxe3 Nf4 18. Bf3 b6 19. g3 Ne6 20. c3 Rad8 21.
Be2 Rxd1 22. Rxd1 Rd8 23. f3 Rxd1+ 24. Bxd1 Qd7 25. Bb3 Nc5 26. Qg5 Ne8 27. Qe7
Qxe7 28. Nxe7+ Kf8 29. Nxc6 Nd3 30. Nxa7 Nxb2 31. Nc8 b5 32. Kf1 Nd3 33. Ke2
Nc5 34. Bd5 Nc7 35. Nd6 Ke7 36. Nf5+ Kf6 37. Ne3 N5e6 38. Ng4+ Ke7 39. Nxe5
Nxd5 40. exd5 Nc7 41. Kd3 Nxd5 42. Kd4 Ke6 43. Nxf7 Ne7 44. Ng5+ Kd6 45. Ne4+
Kc6 46. Ke5 Nd5 47. Ke6 b4 48. cxb4 Nxb4 49. Kf7 Nxa2 50. Kxg7 h5 51. h4 Nb4
52. Kg6 Kd7 53. Kxh5 Ke7 54. Kg6 Nc6 55. f4 Kf8 56. Kf6 Ne7 57. g4 Nd5+ 58. Kg5
Ne7 59. f5 Kg7 60. f6+ 1-0

[Event "CAN-ch U20 2003"]
[Site "Shawinigan CAN"]
[Date "2003.01.06"]
[Round "6.10"]
[White "McDonald, Justin"]
[Black "Federico, Anthony"]
[Result "1-0"]
[WhiteElo "1826"]
[BlackElo "1029"]
[PlyCount "65"]
[EventDate "2003.01.03"]
[EventType "swiss"]
[EventRounds "7"]
[EventCountry "CAN"]

1. e4 c5 2. Nf3 e6 3. Nc3 Nc6 4. Bb5 Nge7 5. O-O g6 6. d3 Bg7 7. Bf4 e5 8. Bg5
O-O 9. Bc4 Kh8 10. Nd5 f6 11. Be3 b6 12. c3 Na5 13. Bb3 Ba6 14. Nxe7 Qxe7 15.
Qc2 Nxb3 16. axb3 Bb7 17. Nd2 d5 18. exd5 Bxd5 19. Rfe1 f5 20. f3 f4 21. Bf2 g5
22. Nc4 Rg8 23. Qe2 Bxc4 24. bxc4 Rae8 25. d4 cxd4 26. cxd4 Bf6 27. dxe5 Qxe5
28. Qxe5 Bxe5 29. Rxe5 Rxe5 30. Bd4 Rge8 31. Re1 Rc8 32. Rxe5 Kg8 33. Rxg5+ 1-0

[Event "CAN-ch U20 2003"]
[Site "Shawinigan CAN"]
[Date "2003.01.06"]
[Round "6.11"]
[White "Lu, David"]
[Black "Simard, Remi"]
[Result "0-1"]
[WhiteElo "1464"]
[BlackElo "1166"]
[PlyCount "120"]
[EventDate "2003.01.03"]
[EventType "swiss"]
[EventRounds "7"]
[EventCountry "CAN"]

1. e4 c5 2. Nf3 Nc6 3. d4 cxd4 4. Nxd4 d6 5. Bb5 Bd7 6. O-O Nf6 7. Nc3 g6 8.
Bg5 Bg7 9. Nxc6 bxc6 10. Bc4 O-O 11. Qd2 Be6 12. Bxe6 fxe6 13. Bh6 Rb8 14. Bxg7
Kxg7 15. Rab1 d5 16. Qd4 Qc7 17. Rfd1 e5 18. Qd3 e6 19. Qh3 Qe7 20. Qg3 Qc7 21.
Re1 Rfe8 22. Rbd1 Re7 23. Rd2 Nh5 24. Qg5 h6 25. Qg4 d4 26. Ne2 Qa5 27. c3 Rd8
28. Red1 c5 29. a3 Qb6 30. Ng3 Nxg3 31. Qxg3 Qc7 32. b4 Red7 33. bxc5 Qxc5 34.
cxd4 Rxd4 35. Rxd4 Rxd4 36. Re1 Rxe4 37. Rd1 Rd4 38. Rb1 Qd5 39. h3 Rd1+ 40.
Rxd1 Qxd1+ 41. Kh2 Qd4 42. Qf3 Qf4+ 43. Qxf4 exf4 44. g3 e5 45. gxf4 exf4 46.
Kg2 Kf6 47. Kf3 Kf5 48. Ke2 h5 49. f3 g5 50. Kf2 g4 51. Kg2 g3 52. h4 Ke5 53.
Kf1 Kd4 54. Ke2 Kc3 55. Kf1 Kb3 56. Ke2 Kxa3 57. Kf1 Kb3 58. Kg2 a5 59. Kh3 a4
60. Kg2 a3 0-1

[Event "CAN-ch U20 2003"]
[Site "Shawinigan CAN"]
[Date "2003.01.06"]
[Round "7.1"]
[White "Divljan, Igor"]
[Black "Wang, Hao Yuan"]
[Result "1/2-1/2"]
[WhiteElo "2286"]
[BlackElo "2275"]
[PlyCount "60"]
[EventDate "2003.01.03"]
[EventType "swiss"]
[EventRounds "7"]
[EventCountry "CAN"]

1. d4 Nf6 2. c4 e6 3. Nc3 Bb4 4. e3 c5 5. Nge2 cxd4 6. exd4 O-O 7. a3 Be7 8.
Nf4 d6 9. Be2 e5 10. Nfd5 Nxd5 11. Nxd5 Nc6 12. Be3 Bg5 13. O-O Bxe3 14. fxe3
exd4 15. exd4 Be6 16. Nb4 Qb6 17. Nxc6 bxc6 18. Rb1 Qa5 19. Kh1 Rab8 20. Qd3
Qg5 21. b4 Rfe8 22. Qf3 Rbc8 23. Bd3 f6 24. b5 cxb5 25. Rxb5 Qg4 26. d5 Qxf3
27. gxf3 Bh3 28. Rd1 Re3 29. Rb7 Rce8 30. Rg1 g6 1/2-1/2

[Event "CAN-ch U20 2003"]
[Site "Shawinigan CAN"]
[Date "2003.01.06"]
[Round "7.2"]
[White "Livingston, Alex"]
[Black "Predescu, Sebastian"]
[Result "0-1"]
[WhiteElo "1552"]
[BlackElo "2219"]
[PlyCount "46"]
[EventDate "2003.01.03"]
[EventType "swiss"]
[EventRounds "7"]
[EventCountry "CAN"]

1. e4 c5 2. Nc3 Nc6 3. f4 g6 4. Nf3 Bg7 5. Bc4 e6 6. f5 Nge7 7. fxe6 fxe6 8. d3
d5 9. exd5 exd5 10. Bb3 b5 11. a3 Bg4 12. h3 Bxf3 13. Qxf3 Nd4 14. Qf2 c4 15.
Ba2 Rf8 16. Qd2 Nec6 17. Ne2 Qe7 18. c3 Bh6 19. Qd1 Nf3+ 20. Kf1 Nd2+ 21. Ke1
Qe3 22. Qxd2 Qf2+ 23. Kd1 Bxd2 0-1